000 01575nam0a2200409 4500
001 RU\NLR\bibl\272467
005 20250620133331.0
010 _a5-8405-0120-4
_bВ пер.
_910000
021 _aRU
_b2001-66811
_93249
035 _a(NLR Aleph) 000268000
090 _a1566602
_c1566602
100 _a20020530d2001 |||y0rusy50 ca
101 0 _arus
102 _aRU
105 _aab |||||||||
200 1 _aАзия и Африка
_e[Энцикл.
_eДля детей
_fСост. В.Б. Новичков]
210 _aМ.
_cМир книги
_d2001
215 _a123,[4] с.
_cцв. ил., карт.
_d27
225 1 _aБольшая серия знаний
_eБСЗ
_iСтраны. Народы
_v2
607 _aАзиатские страны
_jЭнциклопедии
_9943228
_3RU\NLR\auth\6630702
607 _aАфриканские страны
_jЭнциклопедии
_91057334
_3RU\NLR\auth\6691409
610 0 _aАзия - Энциклопедии (д. л.)
610 0 _aАфрика - Энциклопедии (д. л.)
610 0 _aДетские энциклопедии (д. л.)
610 0 _aАзия
610 0 _aАфрика, познават. лит. для детейпознават. лит. для детей
675 _a087.5:91(031)
_v3
_zrus
686 _a26.8я2
_2rubbk
686 _aТ3(5)63я20
686 _aТ3(6)63я20
702 1 _aНовичков
_bВ. Б.
_4220
801 0 _aRU
_bRKP
_c20020530
_gPSBO
801 1 _aRU
_bRKP
_c20020530
801 2 _aRU
_bNLR
_c20030923
_grcr
942 _cBOOK
980 _aNB